History Quiz

Random History or Clickable Quiz

Century by Conqueror Quiz Stats

 Plays Quiz not verified by Sporcle

Challenge
Share
Tweet
Embed
Score 0/18 Timer 04:00
0 Plays Today
% Correct
1900s
90%
0s BCE
73.9%
1000s
72.2%
1600s
64.7%
1500s
61.7%
1800s
53.9%
1200s
53.8%
300s BCE
52.9%
1700s
48.5%
% Correct
300s
48.2%
500s BCE
46%
100s
44.7%
700s
43.9%
1300s
40.3%
400s
39.1%
900s
32.9%
200s BCE
29.8%
600s
29.4%

You're not logged in!

Compare scores with friends on all Sporcle quizzes.
OR
Log In

You Might Also Like...

Show Comments

Extras

Top Quizzes Today


Score Distribution

Your Account Isn't Verified!

In order to create a playlist on Sporcle, you need to verify the email address you used during registration. Go to your Sporcle Settings to finish the process.

Report this User

Report this user for behavior that violates our Community Guidelines.

Details: